000 00341nam a22001337a 4500
005 20250901165809.0
008 250320b |||||||| |||| 00| 0 eng d
020 _69789970398164
050 _aPL 8379.9 .K53 2014
245 _aKILLER OF THE INNOCENTS
_cKIBERA NGUMI
260 _aNAIROBI
_bMK PUBLISHERS
_c2014
300 _a255
942 _2lcc
999 _c9358
_d9358